logo

RAQUEL (Record no. 73423)

MARC details
000 -CABECERA
campo de control de longitud fija 00547nam a2200181Ia 4500
001 - NÚMERO DE CONTROL
campo de control 26246
005 - FECHA Y HORA DE LA ÚLTIMA TRANSACCIÓN
campo de control 20260414093159.0
008 - CÓDIGOS DE INFORMACIÓN DE LONGITUD FIJA
campo de control de longitud fija 260115s9999 xx 000 0 und d
035 ## - NÚMERO DE CONTROL DEL SISTEMA
Número de control de sistema 17021
090 ## - LOCALMENTE ASIGNADO TIPO-LC NÚMERO DE CLASIFICACIÓN (OCLC); NÚMERO DE CLASIFICACIÓN LOCAL (RLIN)
Número de clasificación (OCLC) (R) ; Numero de clasificación CALL (RLIN) (NR) 821.134.2
100 ## - PUNTO DE ACCESO PRINCIPAL - NOMBRE DE PERSONA
Nombre de persona GARCIA DE LA HUERTA VICENTE
245 #0 - MENCIÓN DE TÍTULO
Título RAQUEL
260 ## - PUBLICACIÓN, DISTRIBUCIÓN, ETC. (PIE DE IMPRENTA)
Nombre del editor distribuidor etc. CATEDRA
Fecha de publicación distribución etc. 1998
630 ## - PUNTO DE ACCESO ADICIONAL DE MATERIA--TÍTULO UNIFORME
Título uniforme LITERATURA ESPAÑOLA
650 ## - PUNTO DE ACCESO ADICIONAL DE MATERIA--TÉRMINO DE MATERIA
Término de materia o nombre geográfico como elemento inicial LITERATURA ESPAÑOLA TEATRO SIGLO XVIII
942 ## - ELEMENTOS DE PUNTO DE ACCESO ADICIONAL (KOHA)
Tipo de ítem Koha Monografías
901 ## - ELEMENTOS DE DATOS A LOCAL LDA (RLIN)
a FH
b FH
y BK
p SEH_26246
i 23270
j 821.134.2
c GENERAL
t 1
z 18 CTMS. 192 PAGS. 850 PTAS (5´11 E). LETRAS HISPANICAS Nº 5
x 1
Holdings
Estado de retiro Estado de pérdida Estado dañado No para préstamo Localización permanente Ubicación/localización actual Ubicación en estantería Fecha de adquisición Número de inventario Número de registro Total de préstamos Código de barras Fecha visto por última vez Número de copia Precio válido a partir de Tipo de ítem Koha Nota pública
        Servicio de Estudios Históricos Servicio de Estudios Históricos   14/04/2026 23270 23270   SEH_26246 14/04/2026 1 14/04/2026 Monografías 18 CTMS. 192 PAGS. 850 PTAS (5´11 E). LETRAS HISPANICAS Nº 5